| 000 | 00585nam a2200193 4500 | ||
|---|---|---|---|
| 001 | 125832 | ||
| 003 | ES-MaACL | ||
| 005 | 20250827062625.0 | ||
| 007 | t| | ||
| 008 | 070214s1981 sp r ||||1| spa d | ||
| 110 | 1 |
_aEspaña _93622 |
|
| 130 | 0 | 0 |
_aLeyes, etc. _9122601 |
| 245 | 1 | 0 |
_aReglamentación del sector laboral _b: industria y comercio / _cRev. M. Raymond, O.C.S.O. |
| 260 |
_aMadrid : _bPalancar, _c1981. |
||
| 300 |
_a232 p. ; _c21 cm. |
||
| 710 | 1 |
_aEspaña. _bMinisterio de Trabajo _93924 |
|
| 852 |
_aES-MaACL _jL-2026 _bR.103145 |
||
| 999 |
_c125832 _d125832 |
||